| 000 | 00575 a2200193 4500 | ||
|---|---|---|---|
| 020 | _a0471392227 | ||
| 020 | _a0471320005 | ||
| 040 |
_aDLC _bDLC |
||
| 100 | 1 | _aHalliday, David, | |
| 245 | 1 | 0 |
_aFundamentals of physics _cDavid Halliday, Robert Resnick, Jearl Walker. |
| 250 | _a6th ed., extended. | ||
| 260 |
_aNew York : _bWiley, _cc2001. |
||
| 300 |
_a2 v. in 1 (xxiv, 1144, [46] p.) : _bill. (some col.) ; _c26 cm. |
||
| 500 | _aIncludes index. | ||
| 650 | 0 | _aPhysics. | |
| 700 | 1 |
_aResnick, Robert, _d1923- |
|
| 700 | 1 |
_aWalker, Jearl, _d1945- |
|
| 942 |
_cBK _k530 RES _2ddc |
||
| 999 |
_c4494 _d4494 |
||